| 000 | 01214 a2200181 4500 | ||
|---|---|---|---|
| 020 | _a074942964X (paperback) | ||
| 020 | _a9780749429645 (paperback) | ||
| 082 | 0 | 4 | _a658 |
| 090 |
_c4348 _d4348 |
||
| 100 | 1 | _aArmstrong, Michael. | |
| 245 | 1 | 2 |
_aA handbook of human resource management practice / _cMichael Armstrong. |
| 250 | _a7th ed. | ||
| 260 |
_a[S.l.] : _bKogan Page, _c1999. |
||
| 300 |
_a1000 p. ; _c25 cm. |
||
| 520 | _aThe latest edition of this outstanding textbook has been fully revised to take account of the current syllabus of the Institute of Personnel and Development (IPD) and is essential reading for all those studying for the IPD Diploma. Retitled and presented in an enlarged, easy-to-read format, the books is as comprehensive and detailed as ever. It is now organized into eight parts: -- personnel and development management -- personnel, development and HRM processes and activities -- organizational behaviour, design and development -- resourcing -- employee development -- employee reward -- health, safety and welfare -- employment and personnel services. | ||
| 856 | 4 | 0 |
_3Amazon.com _uhttp://www.amazon.com/exec/obidos/ASIN/074942964X/chopaconline-20 |
| 942 |
_aNBS _cBK _k658.3 ARM |
||
| 999 |
_c346793 _d346793 |
||